000 00472nam a2200157 4500
001 109358
003 ES-MaACL
005 20230906184828.0
007 t|
008 061121s1908 xxk r ||||1| eng d
100 1 _aMuirhead, J.H.
_984086
245 1 4 _aThe service of the state
_b: four lectures on the political teaching of T. H. Green /
_cJ.H. Muirhead.
260 _aLondon :
_bJohn Murray,
_c1908.
300 _aXIII, 118 p. ;
_c23 cm.
852 _aES-MaACL
_jG-9781
999 _c109358
_d109358